Energy : (Record no. 55)

000 -LEADER
fixed length control field 03215cam a22004457a 4500
001 - CONTROL NUMBER
control field 16858181
003 - CONTROL NUMBER IDENTIFIER
control field Nust
005 - DATE AND TIME OF LATEST TRANSACTION
control field 20180125094103.0
008 - FIXED-LENGTH DATA ELEMENTS--GENERAL INFORMATION
fixed length control field 110706s2013 mauab 000 0 eng d
010 ## - LIBRARY OF CONGRESS CONTROL NUMBER
LC control number 2011933685
016 7# - NATIONAL BIBLIOGRAPHIC AGENCY CONTROL NUMBER
Record control number 015959527
Source Uk
020 ## - INTERNATIONAL STANDARD BOOK NUMBER
International Standard Book Number 9781111990831 (pbk.)
020 ## - INTERNATIONAL STANDARD BOOK NUMBER
International Standard Book Number 1111990832 (pbk.)
020 ## - INTERNATIONAL STANDARD BOOK NUMBER
International Standard Book Number 9781133109020
020 ## - INTERNATIONAL STANDARD BOOK NUMBER
International Standard Book Number 1133109020
035 ## - SYSTEM CONTROL NUMBER
System control number (OCoLC)ocn772462678
040 ## - CATALOGING SOURCE
Original cataloging agency UIU
Transcribing agency UIU
Modifying agency YOU
-- GYG
-- BTCTA
-- YDXCP
-- OCLCO
-- BWX
-- IUL
-- PHADU
-- UKMGB
-- IUL
-- OCLCF
-- THCMU
-- DLC
042 ## - AUTHENTICATION CODE
Authentication code lccopycat
050 00 - LIBRARY OF CONGRESS CALL NUMBER
Classification number TJ163.9
Item number .H55 2013
082 04 - DEWEY DECIMAL CLASSIFICATION NUMBER
Classification number 333.79
Edition number 23
100 1# - MAIN ENTRY--PERSONAL NAME
Personal name Hinrichs, Roger,
Dates associated with a name 1941-
9 (RLIN) 3371
245 10 - TITLE STATEMENT
Title Energy :
Remainder of title its use and the environment /
Statement of responsibility, etc. Roger A. Hinrichs, Merlin Kleinbach.
250 ## - EDITION STATEMENT
Edition statement 5th ed.
260 ## - PUBLICATION, DISTRIBUTION, ETC.
Place of publication, distribution, etc. Boston, MA. :
Name of publisher, distributor, etc. Brooks/Cole ;
Place of publication, distribution, etc. Andover :
Name of publisher, distributor, etc. Cengage Learning [distributor],
Date of publication, distribution, etc. 2013.
300 ## - PHYSICAL DESCRIPTION
Extent 1 v. (various pagings) :
Other physical details ill., maps ;
Dimensions 25 cm.
500 ## - GENERAL NOTE
General note Previous ed.: 2006.
504 ## - BIBLIOGRAPHY, ETC. NOTE
Bibliography, etc. note Includes bibliographical references and index.
505 0# - FORMATTED CONTENTS NOTE
Formatted contents note Introduction -- Energy mechanics -- Conservation of energy -- Heat and work -- Home energy conservation and heat-transfer control -- Solar energy : characteristics and heating -- Energy from fossil fuels -- Air pollution and energy use -- Global warming, ozone depletion, and waste heat -- Electricity : circuits and superconductors -- Electromagnetism and the generation of electricity -- Electricity from solar, wind, and hydro -- The building blocks of matter : the atom and its nucleus -- Nuclear power : fission -- Effects and uses of radiation -- Future energy alternatives : fusion -- Biomass : from plants to garbage -- Tapping the Earth's heat : geothermal energy -- A national and personal commitment.
520 ## - SUMMARY, ETC.
Summary, etc. ENERGY: ITS USE AND THE ENVIRONMENT, Fifth Edition, emphasizes the physical principles behind energy and its effects on our environment. The text explains the basic physical principles behind the use of energy, including the study of mechanics, electricity and magnetism, thermodynamics, and atomic and nuclear physics. It also covers crucial environmental questions that currently are receiving much public attention, such as global warming, radioactive waste, municipal solid waste, and nuclear energy production materials.
520 ## - SUMMARY, ETC.
Summary, etc. The text can be used in physics, technology, physical science, and environmental science courses for non-science majors. Many of the standard topics found in introductory physics textbooks are included. As a result, this book can be used as the text in a conceptual physics course with energy as the central theme. No math or other science prerequisite is necessary. -- From publisher's web site.
650 #0 - SUBJECT ADDED ENTRY--TOPICAL TERM
Topical term or geographic name entry element Power resources
General subdivision Environmental aspects.
9 (RLIN) 3372
650 #0 - SUBJECT ADDED ENTRY--TOPICAL TERM
Topical term or geographic name entry element Energy consumption.
9 (RLIN) 3373
650 #0 - SUBJECT ADDED ENTRY--TOPICAL TERM
Topical term or geographic name entry element Energy conservation.
9 (RLIN) 3374
700 1# - ADDED ENTRY--PERSONAL NAME
Personal name Kleinbach, Merlin H.
9 (RLIN) 3375
776 08 - ADDITIONAL PHYSICAL FORM ENTRY
Relationship information Online version:
Main entry heading Hinrichs, Roger, 1941-
Title Energy.
Edition 4th ed.
Place, publisher, and date of publication Belmont, CA : Thomson, Brooks/Cole, c2006
Record control number (OCoLC)629890502
906 ## - LOCAL DATA ELEMENT F, LDF (RLIN)
a 7
b cbc
c copycat
d 2
e ncip
f 20
g y-gencatlg
942 ## - ADDED ENTRY ELEMENTS (KOHA)
Source of classification or shelving scheme
Koha item type Reference
Holdings
Withdrawn status Lost status Source of classification or shelving scheme Damaged status Not for loan Collection code Permanent Location Current Location Shelving location Date acquired Total Checkouts Full call number Barcode Date last seen Koha item type Price effective from
            Institute of Environmental Science and Engineering (IESE) Institute of Environmental Science and Engineering (IESE) Text Books 08/08/2017   621.042 HIN IESE-2741 12/07/2016 Text Books  
            Institute of Environmental Science and Engineering (IESE) Institute of Environmental Science and Engineering (IESE) Text Books 08/08/2017   621.042 HIN IESE-2742 12/07/2016 Text Books  
            Institute of Environmental Science and Engineering (IESE) Institute of Environmental Science and Engineering (IESE) Text Books 08/08/2017   621.042 HIN IESE-2743 12/07/2016 Text Books  
            Institute of Environmental Science and Engineering (IESE) Institute of Environmental Science and Engineering (IESE) Text Books 08/08/2017   621.042 HIN IESE-2734 12/07/2016 Text Books  
            Institute of Environmental Science and Engineering (IESE) Institute of Environmental Science and Engineering (IESE) Text Books 08/08/2017   621.042 HIN IESE-2735 12/07/2016 Text Books  
            Institute of Environmental Science and Engineering (IESE) Institute of Environmental Science and Engineering (IESE) Text Books 08/08/2017   621.042 HIN IESE-2736 12/07/2016 Text Books  
            Institute of Environmental Science and Engineering (IESE) Institute of Environmental Science and Engineering (IESE) Text Books 08/08/2017   621.042 HIN IESE-2737 12/07/2016 Text Books  
            Institute of Environmental Science and Engineering (IESE) Institute of Environmental Science and Engineering (IESE) Text Books 08/08/2017   621.042 HIN IESE-2739 12/07/2016 Text Books  
            Institute of Environmental Science and Engineering (IESE) Institute of Environmental Science and Engineering (IESE) Text Books 08/08/2017   621.042 HIN IESE-2748 12/07/2016 Text Books  
            Institute of Environmental Science and Engineering (IESE) Institute of Environmental Science and Engineering (IESE) Text Books 08/08/2017   621.042 HIN IESE-2740 12/07/2016 Text Books  
            Institute of Environmental Science and Engineering (IESE) Institute of Environmental Science and Engineering (IESE) Reference 12/11/2017   621.1042 HIN IESE-2804 12/11/2017 Reference 12/11/2017
© 2023 Central Library, National University of Sciences and Technology. All Rights Reserved.